|
|
|
|
| LEADER |
00000cam a22000004a 4500 |
| 001 |
musev2_68192 |
| 003 |
MdBmJHUP |
| 005 |
20230905051036.0 |
| 006 |
m o d |
| 007 |
cr||||||||nn|n |
| 008 |
021002s1982 nju o 00 0 fre d |
| 020 |
|
|
|a 9780691200576
|
| 020 |
|
|
|z 9780691039794
|
| 020 |
|
|
|z 9780691003368
|
| 020 |
|
|
|z 9780691200552
|
| 020 |
|
|
|z 9780691200569
|
| 035 |
|
|
|a (OCoLC)1227051859
|
| 040 |
|
|
|a MdBmJHUP
|c MdBmJHUP
|
| 100 |
1 |
|
|a Krautheimer, Richard,
|d (1897-1994)
|
| 245 |
1 |
0 |
|a Lorenzo Ghiberti :
|b Volume I /
|c by Richard Krautheimer in collaboration with Trude Krautheimer-Hess.
|
| 250 |
|
|
|a 1st Princeton pbk. print. with new preface and bibliography, 1982.
|
| 264 |
|
1 |
|a Princeton, N.J. :
|b Princeton University Press,
|c 1982.
|
| 264 |
|
3 |
|a Baltimore, Md. :
|b Project MUSE,
|c 2021
|
| 264 |
|
4 |
|c ©1982.
|
| 300 |
|
|
|a 1 online resource (372 pages):
|b ill. ;
|
| 336 |
|
|
|a text
|b txt
|2 rdacontent
|
| 337 |
|
|
|a computer
|b c
|2 rdamedia
|
| 338 |
|
|
|a online resource
|b cr
|2 rdacarrier
|
| 490 |
0 |
|
|a Princeton monographs in art and archeology ;
|v 31
|
| 588 |
|
|
|a Description based on print version record.
|
| 600 |
1 |
7 |
|a Ghiberti, Lorenzo.
|2 swd
|
| 600 |
1 |
7 |
|a Ghiberti, Lorenzo,
|d 1378-1455.
|0 (DE-588)118539086
|2 gnd
|
| 600 |
1 |
7 |
|a Ghiberti, Lorenzo,
|d 1378-1455.
|2 fast
|0 (OCoLC)fst00029253
|
| 600 |
1 |
0 |
|a Ghiberti, Lorenzo,
|d 1378-1455.
|
| 655 |
|
7 |
|a Electronic books.
|2 local
|
| 700 |
1 |
|
|a Krautheimer-Hess, Trude.
|
| 710 |
2 |
|
|a Project Muse.
|e distributor
|
| 830 |
|
0 |
|a Book collections on Project MUSE.
|
| 856 |
4 |
0 |
|z Texto completo
|u https://projectmuse.uam.elogim.com/book/68192/
|
| 945 |
|
|
|a Project MUSE - Custom Collection
|
| 945 |
|
|
|a Project MUSE - Archive Complete Supplement IX
|
| 945 |
|
|
|a Project MUSE - Archive Global Cultural Studies Supplement IX
|